Datum a čas kvízu

40.5 Celkem bodů Celkový počet nahraných bodů na tomto kvízu bez doplňovacích otázek.
2. Pořadí na kvízu Konečné umístění týmu na tomto kvízu.

Zaznamenané odpovědi

# Otázka Odpověď Body Výsledky
1. Při projednávání programu schů... Alena Schillerová 0
2. Násilná smrt George Floyda ods... Minneapolis 1
3. Minulý pátek začal mezinárodní... Adéla ještě nevečeřela 1
4. Který z našich mobilních operá... Vodafone 1
5. První tuzemská tenisová akce p... Petra Kvitová 1
6. Napište výraz čítající osm pís... nanismus 1
7. Na fotce vlevo je herec jménem... dr. Zloun / dr. Evil 0
8. Mezi hlavní postavy Pevnosti B... Paklíč a Pačes 0.5
9. Příběh o Sněhurce jistě nemusí... Prófa, Štístko 1
10. Nejznámější trpasličí planetou... Charón 1